Biokatalytická produkcia chirálnych alkoholov pomocou enzýmu (&-lt;i&-gt;S&-lt;/i&-gt;)-1-fenyletanoldehydrogenáza

Na minha lista:
Detalhes bibliográficos
Autor principal: Piňko, Matej (Author)
Outros Autores: Petrovičová, Tatiana (Thesis advisor)
Formato: Manuscrito Livro
Idioma:eslovaco
Publicado em: 2022
Assuntos:
Acesso em linha:http://is.stuba.sk/zp/portal_zp.pl?podrobnosti=148956
Tags: Adicionar Tag
Sem tags, seja o primeiro a adicionar uma tag!

MARC

LEADER 00000ntm a22000003a 4500
001 stuzp85005
003 SK-STU
005 20220625210348.8
007 ta
008 150427s2015----xo-----f-mn---000-0-slo-d
040 |a STU  |b slo 
041 0 |a slo 
100 1 |a Piňko, Matej  |u 044000  |4 aut  |U FCHPT Fakulta chemickej a potravinárskej technológie  |T FCHPT Ústav biotechnológie  |X 86446  |U C4000  |Y 102  |7 86446 
242 0 1 |a Biocatalytic Production of Chiral Alcohols by the (S)-1-Phenylethanol Dehydrogenase Enzyme  |y eng 
245 1 0 |a Biokatalytická produkcia chirálnych alkoholov pomocou enzýmu (&-lt;i&-gt;S&-lt;/i&-gt;)-1-fenyletanoldehydrogenáza 
260 |c 2022 
650 4 |a chirálne alkoholy  |2 slo 
650 4 |a bioreaktor  |2 slo 
650 4 |a biokatalýza  |2 slo 
650 4 |a PEDH  |2 slo 
650 4 |a downstream  |2 slo 
650 4 |a biocatalysis  |2 eng 
650 4 |a PEDH  |2 eng 
650 4 |a downstream processing  |2 eng 
650 4 |a bioreactor  |2 eng 
650 4 |a chiral alcohol  |2 eng 
700 1 |a Petrovičová, Tatiana  |u 044000  |k Z2  |4 ths  |U FCHPT Fakulta chemickej a potravinárskej technológie  |T FCHPT Ústav biotechnológie  |X 42770  |U C4000  |Y 102  |7 A000042770 
856 4 |u http://is.stuba.sk/zp/portal_zp.pl?podrobnosti=148956